[Event "Amateur Tournament (ATO)"]
[Site "https://www.chess.com"]
[Date "2025.07.23"]
[Round "8"]
[White "Meshach, Felix"]
[Black "Tereshchenko, Eliza"]
[Result "0-1"]
[Board "3"]
[WhiteFideId "1342959"]
[BlackFideId "34389890"]
[WhiteElo "1905"]
[BlackElo "1874"]
[WhiteTeam "SUI"]
[BlackTeam "FID"]
[WhiteClock "0:42:43"]
[BlackClock "0:19:09"]
[Variant "Standard"]

1. e4 {[%clk 1:30:57]}  c5 {[%clk 1:30:52]} 2. Nc3 {[%clk 1:31:23]}  Nc6 {[%clk 1:31:17]} 3. f4 {[%clk 1:31:48]}  g6 {[%clk 1:31:37]} 4. Nf3 {[%clk 1:32:14]}  Bg7 {[%clk 1:32:00]} 5. Bc4 {[%clk 1:32:31]}  d6 {[%clk 1:31:54]} 6. O-O {[%clk 1:32:54]}  e6 {[%clk 1:32:19]} 7. d3 {[%clk 1:33:15]}  Nge7 {[%clk 1:32:37]} 8. Qe1 {[%clk 1:33:06]}  O-O {[%clk 1:32:43]} 9. f5 {[%clk 1:31:02]}  d5 {[%clk 1:28:10]} 10. Bb3 {[%clk 1:19:37]}  dxe4 {[%clk 1:25:32]} 11. dxe4 {[%clk 1:19:40]}  b5 {[%clk 1:07:53]} 12. Nxb5 {[%clk 1:07:35]}  Qb6 {[%clk 1:05:39]} 13. Bc4 {[%clk 1:06:51]}  Na5 {[%clk 0:48:56]} 14. Na3 {[%clk 1:02:28]}  Nxc4 {[%clk 0:45:26]} 15. Nxc4 {[%clk 1:02:49]}  Qb4 {[%clk 0:43:17]} 16. Qxb4 {[%clk 1:00:44]}  cxb4 {[%clk 0:43:41]} 17. fxg6 {[%clk 0:56:15]}  Ba6 {[%clk 0:35:47]} 18. Nfd2 {[%clk 0:48:55]}  Bd4+ {[%clk 0:20:42]} 19. Kh1 {[%clk 0:42:39]}  fxg6 {[%clk 0:20:08]} 20. Rxf8+ {[%clk 0:37:03]}  Rxf8 {[%clk 0:20:25]} 21. c3 {[%clk 0:37:12]}  bxc3 {[%clk 0:11:08]} 22. bxc3 {[%clk 0:37:33]}  Bxc3 {[%clk 0:11:19]} 23. Bb2 {[%clk 0:33:28]}  Bxb2 {[%clk 0:11:11]} 24. Nxb2 {[%clk 0:33:52]}  Rc8 {[%clk 0:06:27]} 25. Nf3 {[%clk 0:31:08]}  Rc2 {[%clk 0:06:16]} 26. Rb1 {[%clk 0:30:56]}  Bb7 {[%clk 0:04:04]} 27. e5 {[%clk 0:24:50]}  Nf5 {[%clk 0:03:11]} 28. h3 {[%clk 0:20:12]}  Bxf3 {[%clk 0:02:10]} 29. gxf3 {[%clk 0:19:09]}  Nh4 {[%clk 0:02:15]} 30. Nd3 {[%clk 0:18:50]}  Nxf3 {[%clk 0:00:36]} 31. Rb2 {[%clk 0:19:11]}  Rxb2 {[%clk 0:00:36]} 32. Nxb2 {[%clk 0:19:36]}  Nxe5 {[%clk 0:01:03]} 33. Kg2 {[%clk 0:19:24]}  Kf7 {[%clk 0:01:21]} 34. Kg3 {[%clk 0:19:14]}  Kf6 {[%clk 0:00:36]} 35. Kf4 {[%clk 0:19:00]}  g5+ {[%clk 0:00:56]} 36. Ke4 {[%clk 0:19:22]}  h5 {[%clk 0:01:10]} 37. Nd1 {[%clk 0:19:09]}  Nc6 {[%clk 0:00:59]} 38. Ne3 {[%clk 0:18:00]}  Ne7 {[%clk 0:00:38]} 39. Nc4 {[%clk 0:17:25]}  Nd5 {[%clk 0:00:50]} 40. a3 {[%clk 0:17:16]}  Nb6 {[%clk 0:00:35]} 41. Nd2 {[%clk 0:13:56]}  Nd5 {[%clk 0:24:13]} 42. Nc4 {[%clk 0:44:00]}  h4 {[%clk 0:21:40]} 43. Kf3 {[%clk 0:42:49]}  Nf4 {[%clk 0:19:05]} 44. Kg4 {[%clk 0:43:05]}  Nd3 {[%clk 0:18:49]} 45. Kf3 {[%clk 0:42:43]}  Ne5+ {[%clk 0:19:09]} 0-1

[Event "Amateur Tournament (ATO)"]
[Site "https://www.chess.com"]
[Date "2025.07.23"]
[Round "8"]
[White "Hofmann, Hans"]
[Black "Haas, Anthony"]
[Result "0-1"]
[Board "4"]
[WhiteFideId "1332503"]
[BlackFideId "1346407"]
[WhiteElo "1932"]
[BlackElo "1883"]
[WhiteTeam "SUI"]
[BlackTeam "SUI"]
[WhiteClock "0:24:02"]
[BlackClock "0:22:03"]
[Variant "Standard"]

1. d4 {[%clk 1:30:57]}  Nf6 {[%clk 1:30:50]} 2. c4 {[%clk 1:31:15]}  e6 {[%clk 1:31:17]} 3. Nf3 {[%clk 1:30:59]}  Bb4+ {[%clk 1:32:10]} 4. Nbd2 {[%clk 1:31:04]}  a5 {[%clk 1:32:32]} 5. a3 {[%clk 1:29:58]}  Be7 {[%clk 1:32:57]} 6. b3 {[%clk 1:29:31]}  d5 {[%clk 1:27:19]} 7. Bb2 {[%clk 1:22:39]}  O-O {[%clk 1:19:45]} 8. e3 {[%clk 1:20:52]}  Na6 {[%clk 1:08:20]} 9. Bd3 {[%clk 1:19:37]}  c5 {[%clk 1:07:47]} 10. O-O {[%clk 1:19:13]}  b6 {[%clk 1:07:15]} 11. Ne5 {[%clk 1:07:53]}  Bb7 {[%clk 1:06:41]} 12. f3 {[%clk 1:04:12]}  Nd7 {[%clk 0:47:54]} 13. f4 {[%clk 0:57:45]}  f5 {[%clk 0:40:48]} 14. Nxd7 {[%clk 0:52:17]}  Qxd7 {[%clk 0:40:48]} 15. g4 {[%clk 0:47:12]}  dxc4 {[%clk 0:30:53]} 16. bxc4 {[%clk 0:40:21]}  cxd4 {[%clk 0:27:56]} 17. exd4 {[%clk 0:34:59]}  Bf6 {[%clk 0:25:01]} 18. Rf2 {[%clk 0:25:08]}  Bxd4 {[%clk 0:21:40]} 19. Bxd4 {[%clk 0:24:33]}  Qxd4 {[%clk 0:22:03]} 20. Nf3 {[%clk 0:24:02]} 0-1

[Event "Amateur Tournament (ATO)"]
[Site "https://www.chess.com"]
[Date "2025.07.23"]
[Round "8"]
[White "Kleinhenz, Hans-Georg"]
[Black "Lavorgna, Giovanni"]
[Result "1-0"]
[Board "6"]
[WhiteFideId "4634438"]
[BlackFideId "11800100"]
[BlackTitle "CM"]
[WhiteElo "1843"]
[BlackElo "1912"]
[WhiteTeam "GER"]
[BlackTeam "ITA"]
[WhiteClock "0:09:01"]
[BlackClock "0:26:36"]
[Variant "Standard"]

1. d4 {[%clk 1:30:55]}  Nf6 {[%clk 1:30:43]} 2. Nf3 {[%clk 1:31:10]}  g6 {[%clk 1:30:55]} 3. g3 {[%clk 1:31:28]}  Bg7 {[%clk 1:30:57]} 4. Bg2 {[%clk 1:31:36]}  c5 {[%clk 1:30:51]} 5. O-O {[%clk 1:26:37]}  cxd4 {[%clk 1:30:36]} 6. Nxd4 {[%clk 1:26:33]}  O-O {[%clk 1:30:27]} 7. b3 {[%clk 1:22:54]}  Nc6 {[%clk 1:29:54]} 8. Bb2 {[%clk 1:19:35]}  d5 {[%clk 1:26:41]} 9. h3 {[%clk 1:14:27]}  a6 {[%clk 1:23:12]} 10. Nxc6 {[%clk 1:09:20]}  bxc6 {[%clk 1:23:31]} 11. Nd2 {[%clk 1:09:24]}  a5 {[%clk 1:18:08]} 12. Kh2 {[%clk 1:02:27]}  Qb6 {[%clk 1:07:31]} 13. c4 {[%clk 0:56:54]}  Ba6 {[%clk 0:58:40]} 14. e3 {[%clk 0:50:35]}  Rfc8 {[%clk 0:53:22]} 15. Re1 {[%clk 0:46:18]}  h5 {[%clk 0:31:44]} 16. Kg1 {[%clk 0:26:17]}  h4 {[%clk 0:27:43]} 17. g4 {[%clk 0:23:15]}  Rcb8 {[%clk 0:26:36]} 18. g5 {[%clk 0:09:01]} 1-0

[Event "Amateur Tournament (ATO)"]
[Site "https://www.chess.com"]
[Date "2025.07.23"]
[Round "8"]
[White "Schmid, Nicola"]
[Black "Bangerter, Ena"]
[Result "0-1"]
[Board "8"]
[WhiteFideId "1320769"]
[BlackFideId "1344102"]
[BlackTitle "WCM"]
[WhiteElo "1910"]
[BlackElo "1852"]
[WhiteTeam "SUI"]
[BlackTeam "SUI"]
[WhiteClock "0:20:31"]
[BlackClock "0:12:00"]
[Variant "Standard"]

1. Nf3 {[%clk 1:30:50]}  d5 {[%clk 1:30:54]} 2. b3 {[%clk 1:31:14]}  e6 {[%clk 1:31:19]} 3. Bb2 {[%clk 1:31:39]}  Nf6 {[%clk 1:31:43]} 4. e3 {[%clk 1:31:59]}  Be7 {[%clk 1:32:08]} 5. d4 {[%clk 1:32:18]}  b6 {[%clk 1:32:16]} 6. Nbd2 {[%clk 1:32:40]}  Bb7 {[%clk 1:32:17]} 7. Bd3 {[%clk 1:33:00]}  O-O {[%clk 1:31:51]} 8. O-O {[%clk 1:33:26]}  c5 {[%clk 1:32:01]} 9. Ne5 {[%clk 1:33:29]}  Nc6 {[%clk 1:31:51]} 10. a3 {[%clk 1:33:40]}  Qc7 {[%clk 1:31:25]} 11. f4 {[%clk 1:33:10]}  Nd7 {[%clk 1:23:15]} 12. Nxd7 {[%clk 1:25:30]}  Qxd7 {[%clk 1:22:41]} 13. dxc5 {[%clk 1:24:46]}  Bxc5 {[%clk 1:18:41]} 14. Rf3 {[%clk 0:57:47]}  f5 {[%clk 1:08:14]} 15. Rg3 {[%clk 0:50:24]}  d4 {[%clk 1:06:35]} 16. Kh1 {[%clk 0:50:41]}  Rf6 {[%clk 0:57:30]} 17. b4 {[%clk 0:46:44]}  Bd6 {[%clk 0:47:22]} 18. Nf3 {[%clk 0:45:17]}  e5 {[%clk 0:44:23]} 19. Bc4+ {[%clk 0:42:18]}  Kh8 {[%clk 0:40:12]} 20. fxe5 {[%clk 0:33:15]}  Nxe5 {[%clk 0:36:50]} 21. Nxe5 {[%clk 0:23:10]}  Bxe5 {[%clk 0:36:50]} 22. Rh3 {[%clk 0:23:25]}  Qc6 {[%clk 0:31:35]} 23. Qf1 {[%clk 0:20:45]}  Rg6 {[%clk 0:27:13]} 24. Rf3 {[%clk 0:19:13]}  Qc7 {[%clk 0:15:46]} 25. h3 {[%clk 0:11:18]}  Bxf3 {[%clk 0:13:36]} 26. Qxf3 {[%clk 0:11:47]}  Rd8 {[%clk 0:12:00]} 27. Bd3 {[%clk 0:09:17]}  dxe3 {[%clk 0:10:24]} 28. Bxe5 {[%clk 0:09:04]}  Qxe5 {[%clk 0:10:46]} 29. Re1 {[%clk 0:09:26]}  Qg3 {[%clk 0:04:59]} 30. Rxe3 {[%clk 0:07:50]}  Qxf3 {[%clk 0:05:18]} 31. Rxf3 {[%clk 0:08:08]}  Rf6 {[%clk 0:05:05]} 32. Re3 {[%clk 0:08:12]}  Rf7 {[%clk 0:05:10]} 33. Re5 {[%clk 0:08:25]}  g6 {[%clk 0:05:06]} 34. Kh2 {[%clk 0:08:40]}  Kg7 {[%clk 0:05:14]} 35. Re6 {[%clk 0:06:33]}  Rdd7 {[%clk 0:04:10]} 36. Kg3 {[%clk 0:04:56]}  Rfe7 {[%clk 0:03:50]} 37. Rc6 {[%clk 0:05:09]}  Rc7 {[%clk 0:04:01]} 38. Rd6 {[%clk 0:05:36]}  Rc3 {[%clk 0:04:18]} 39. b5 {[%clk 0:03:54]}  Rxa3 {[%clk 0:04:10]} 40. Kf2 {[%clk 0:04:19]}  Rc3 {[%clk 0:03:14]} 41. g4 {[%clk 0:04:23]}  fxg4 {[%clk 0:02:45]} 42. hxg4 {[%clk 0:04:52]}  Rc5 {[%clk 0:02:16]} 43. Kf3 {[%clk 0:05:03]}  Rce5 {[%clk 0:02:01]} 44. Rc6 {[%clk 0:04:25]}  R5e6 {[%clk 0:01:00]} 45. Rc8 {[%clk 0:04:24]}  Kh6 {[%clk 0:21:57]} 46. Rc4 {[%clk 0:29:17]}  Kg5 {[%clk 0:21:25]} 47. Rd4 {[%clk 0:28:31]}  Rf6+ {[%clk 0:18:44]} 48. Kg3 {[%clk 0:28:37]}  Re3+ {[%clk 0:16:02]} 49. Kg2 {[%clk 0:27:53]}  Rf7 {[%clk 0:13:33]} 50. Ra4 {[%clk 0:22:42]}  Kh4 {[%clk 0:12:43]} 51. Rd4 {[%clk 0:22:09]}  Rg3+ {[%clk 0:12:52]} 52. Kh1 {[%clk 0:20:31]}  Kh3 {[%clk 0:12:00]} 0-1

[Event "Amateur Tournament (ATO)"]
[Site "https://www.chess.com"]
[Date "2025.07.23"]
[Round "8"]
[White "Jahn, Thomas"]
[Black "Hakvoort, Remy"]
[Result "1-0"]
[Board "9"]
[WhiteFideId "34679430"]
[BlackFideId "1047094"]
[WhiteElo "1964"]
[BlackElo "1834"]
[WhiteTeam "GER"]
[BlackTeam "NED"]
[WhiteClock "0:06:59"]
[BlackClock "0:02:24"]
[Variant "Standard"]

1. e4 {[%clk 1:30:55]}  c5 {[%clk 1:30:45]} 2. Nf3 {[%clk 1:31:16]}  d6 {[%clk 1:31:04]} 3. d4 {[%clk 1:31:39]}  cxd4 {[%clk 1:31:22]} 4. Nxd4 {[%clk 1:32:02]}  Nf6 {[%clk 1:31:41]} 5. Nc3 {[%clk 1:32:24]}  g6 {[%clk 1:32:02]} 6. Bc4 {[%clk 1:27:18]}  Bg7 {[%clk 1:31:47]} 7. f3 {[%clk 1:26:45]}  Qb6 {[%clk 1:22:43]} 8. Nb3 {[%clk 1:19:03]}  O-O {[%clk 1:22:51]} 9. Qe2 {[%clk 1:18:35]}  Nc6 {[%clk 1:22:39]} 10. Be3 {[%clk 1:11:36]}  Qd8 {[%clk 1:22:07]} 11. Nd2 {[%clk 1:04:10]}  Na5 {[%clk 1:16:43]} 12. Bd3 {[%clk 0:57:33]}  d5 {[%clk 1:09:47]} 13. e5 {[%clk 0:41:43]}  d4 {[%clk 1:05:48]} 14. exf6 {[%clk 0:35:53]}  exf6 {[%clk 0:59:01]} 15. Bxd4 {[%clk 0:33:31]}  Qxd4 {[%clk 0:59:04]} 16. O-O-O {[%clk 0:33:50]}  f5 {[%clk 0:58:27]} 17. Nc4 {[%clk 0:29:54]}  Nxc4 {[%clk 0:48:48]} 18. Bxc4 {[%clk 0:27:26]}  Qf6 {[%clk 0:48:08]} 19. Rhe1 {[%clk 0:26:58]}  a6 {[%clk 0:47:18]} 20. Qe7 {[%clk 0:21:27]}  b5 {[%clk 0:30:18]} 21. Bb3 {[%clk 0:15:52]}  b4 {[%clk 0:14:57]} 22. Qxf6 {[%clk 0:13:08]}  Bxf6 {[%clk 0:13:56]} 23. Nd5 {[%clk 0:13:32]}  Bg7 {[%clk 0:10:16]} 24. Nxb4 {[%clk 0:13:29]}  Rb8 {[%clk 0:08:03]} 25. Nc6 {[%clk 0:09:39]}  Rb6 {[%clk 0:07:49]} 26. Ne7+ {[%clk 0:10:00]}  Kh8 {[%clk 0:08:10]} 27. c3 {[%clk 0:10:22]}  Be6 {[%clk 0:06:58]} 28. Bxe6 {[%clk 0:09:41]}  fxe6 {[%clk 0:07:20]} 29. Rd7 {[%clk 0:06:41]}  Rfb8 {[%clk 0:05:55]} 30. Re2 {[%clk 0:06:44]}  Bxc3 {[%clk 0:04:50]} 31. bxc3 {[%clk 0:06:23]}  Rb1+ {[%clk 0:03:57]} 32. Kd2 {[%clk 0:06:39]}  f4 {[%clk 0:02:00]} 33. Kd3 {[%clk 0:06:37]}  R8b2 {[%clk 0:02:01]} 34. Rd2 {[%clk 0:06:59]}  Rb8 {[%clk 0:02:24]} 1-0

[Event "Amateur Tournament (ATO)"]
[Site "https://www.chess.com"]
[Date "2025.07.23"]
[Round "8"]
[White "Rubeck, Jonathan"]
[Black "Jud, Marc"]
[Result "1-0"]
[Board "10"]
[WhiteFideId "435678"]
[BlackFideId "1309099"]
[WhiteElo "1832"]
[BlackElo "1958"]
[WhiteTeam "ENG"]
[BlackTeam "SUI"]
[WhiteClock "0:12:53"]
[BlackClock "0:03:12"]
[Variant "Standard"]

1. e4 {[%clk 1:30:54]}  c5 {[%clk 1:30:02]} 2. c3 {[%clk 1:31:15]}  d5 {[%clk 1:30:21]} 3. exd5 {[%clk 1:31:22]}  Qxd5 {[%clk 1:30:42]} 4. d4 {[%clk 1:31:48]}  cxd4 {[%clk 1:30:43]} 5. cxd4 {[%clk 1:32:01]}  e6 {[%clk 1:30:32]} 6. Nf3 {[%clk 1:32:04]}  Nf6 {[%clk 1:30:43]} 7. Be2 {[%clk 1:32:21]}  Nc6 {[%clk 1:30:26]} 8. O-O {[%clk 1:32:41]}  Be7 {[%clk 1:30:34]} 9. Nc3 {[%clk 1:32:53]}  Qd8 {[%clk 1:31:04]} 10. Be3 {[%clk 1:29:30]}  Nd5 {[%clk 1:30:54]} 11. Nxd5 {[%clk 1:28:39]}  exd5 {[%clk 1:30:55]} 12. Rc1 {[%clk 1:24:03]}  Qb6 {[%clk 1:29:52]} 13. Ne5 {[%clk 1:21:47]}  Be6 {[%clk 1:27:43]} 14. a3 {[%clk 1:18:17]}  O-O {[%clk 1:22:00]} 15. b4 {[%clk 1:17:24]}  Rfd8 {[%clk 1:20:45]} 16. Bd3 {[%clk 1:07:18]}  g6 {[%clk 1:18:48]} 17. Nxc6 {[%clk 0:59:39]}  bxc6 {[%clk 1:18:55]} 18. Bh6 {[%clk 0:59:33]}  a5 {[%clk 1:16:08]} 19. bxa5 {[%clk 0:57:02]}  Rxa5 {[%clk 1:15:53]} 20. a4 {[%clk 0:56:34]}  Raa8 {[%clk 0:59:08]} 21. Be3 {[%clk 0:54:47]}  Bf6 {[%clk 0:56:53]} 22. Bc2 {[%clk 0:51:54]}  Bg7 {[%clk 0:50:05]} 23. Rb1 {[%clk 0:47:45]}  Qa7 {[%clk 0:49:33]} 24. Qd2 {[%clk 0:46:37]}  c5 {[%clk 0:44:34]} 25. dxc5 {[%clk 0:43:34]}  d4 {[%clk 0:44:33]} 26. Bg5 {[%clk 0:42:52]}  f6 {[%clk 0:44:23]} 27. Bf4 {[%clk 0:38:33]}  Qxc5 {[%clk 0:43:57]} 28. Rb5 {[%clk 0:34:56]}  Qc3 {[%clk 0:39:39]} 29. Qxc3 {[%clk 0:25:08]}  dxc3 {[%clk 0:40:05]} 30. Rc1 {[%clk 0:21:30]}  g5 {[%clk 0:38:15]} 31. Be3 {[%clk 0:20:12]}  Rac8 {[%clk 0:37:40]} 32. a5 {[%clk 0:19:08]}  Bc4 {[%clk 0:37:06]} 33. Rb6 {[%clk 0:16:34]}  Ra8 {[%clk 0:29:09]} 34. Rb4 {[%clk 0:13:31]}  Bf7 {[%clk 0:22:45]} 35. h3 {[%clk 0:10:00]}  Rd6 {[%clk 0:14:38]} 36. Bb6 {[%clk 0:06:09]}  Rd2 {[%clk 0:09:17]} 37. Be4 {[%clk 0:05:09]}  Rc8 {[%clk 0:05:18]} 38. a6 {[%clk 0:02:57]}  c2 {[%clk 0:03:16]} 39. Kh2 {[%clk 0:02:49]}  Bg6 {[%clk 0:02:17]} 40. Bf3 {[%clk 0:02:14]}  Bf8 {[%clk 0:02:22]} 41. Ra4 {[%clk 0:28:59]}  Bd6+ {[%clk 0:28:06]} 42. g3 {[%clk 0:28:23]}  Be8 {[%clk 0:26:09]} 43. Ra5 {[%clk 0:24:05]}  Bb4 {[%clk 0:23:19]} 44. Ra2 {[%clk 0:22:47]}  Rd3 {[%clk 0:11:57]} 45. Bb7 {[%clk 0:20:32]}  Bc5 {[%clk 0:02:23]} 46. Raxc2 {[%clk 0:19:47]}  Bxb6 {[%clk 0:02:29]} 47. Rxc8 {[%clk 0:20:08]}  Kf7 {[%clk 0:02:23]} 48. R1c2 {[%clk 0:18:30]}  Ra3 {[%clk 0:01:08]} 49. Bd5+ {[%clk 0:15:38]}  Ke7 {[%clk 0:00:59]} 50. Re2+ {[%clk 0:15:53]}  Kd6 {[%clk 0:00:55]} 51. Re6+ {[%clk 0:15:04]}  Kxd5 {[%clk 0:01:00]} 52. Rxb6 {[%clk 0:14:35]}  Bg6 {[%clk 0:01:10]} 53. Rxf6 {[%clk 0:13:47]}  Be4 {[%clk 0:01:14]} 54. Rc1 {[%clk 0:13:42]}  Ke5 {[%clk 0:01:18]} 55. Rb6 {[%clk 0:13:29]}  Ra2 {[%clk 0:01:05]} 56. Kg1 {[%clk 0:13:42]}  Bd3 {[%clk 0:01:10]} 57. Re1+ {[%clk 0:10:41]}  Kd4 {[%clk 0:00:39]} 58. Rd1 {[%clk 0:10:23]}  Kc5 {[%clk 0:00:45]} 59. Rxd3 {[%clk 0:09:38]}  Kxb6 {[%clk 0:01:08]} 60. Rd6+ {[%clk 0:10:02]}  Ka7 {[%clk 0:01:18]} 61. Rh6 {[%clk 0:10:14]}  Ra5 {[%clk 0:01:38]} 62. Kg2 {[%clk 0:10:32]}  Rf5 {[%clk 0:01:40]} 63. g4 {[%clk 0:10:30]}  Rc5 {[%clk 0:01:43]} 64. Kg3 {[%clk 0:10:47]}  Rc3+ {[%clk 0:02:04]} 65. f3 {[%clk 0:11:10]}  Rc5 {[%clk 0:02:33]} 66. h4 {[%clk 0:11:27]}  gxh4+ {[%clk 0:02:30]} 67. Kxh4 {[%clk 0:11:53]}  Rc4 {[%clk 0:02:35]} 68. Rf6 {[%clk 0:11:54]}  Rc7 {[%clk 0:02:37]} 69. f4 {[%clk 0:12:17]}  Kb8 {[%clk 0:02:58]} 70. f5 {[%clk 0:12:36]}  Kc8 {[%clk 0:03:12]} 71. Rf8+ {[%clk 0:12:53]} 1-0

[Event "Amateur Tournament (ATO)"]
[Site "https://www.chess.com"]
[Date "2025.07.23"]
[Round "8"]
[White "Mogasale, Chetan"]
[Black "Aegerter, Fabrice"]
[Result "0-1"]
[Board "11"]
[WhiteFideId "1356615"]
[BlackFideId "1344854"]
[WhiteElo "1811"]
[BlackElo "1922"]
[WhiteTeam "SUI"]
[BlackTeam "SUI"]
[WhiteClock "0:11:52"]
[BlackClock "0:05:01"]
[Variant "Standard"]

1. e4 {[%clk 1:30:56]}  e5 {[%clk 1:29:28]} 2. Nf3 {[%clk 1:31:18]}  Nc6 {[%clk 1:29:49]} 3. d4 {[%clk 1:31:40]}  exd4 {[%clk 1:30:10]} 4. Bc4 {[%clk 1:32:02]}  Nf6 {[%clk 1:28:10]} 5. e5 {[%clk 1:32:26]}  d5 {[%clk 1:28:21]} 6. Bb5 {[%clk 1:32:48]}  Nd7 {[%clk 1:28:14]} 7. Bxc6 {[%clk 1:31:08]}  bxc6 {[%clk 1:28:32]} 8. Qxd4 {[%clk 1:27:16]}  Ba6 {[%clk 1:18:40]} 9. Nc3 {[%clk 1:24:42]}  Rb8 {[%clk 1:00:35]} 10. Qa4 {[%clk 1:11:03]}  Rb6 {[%clk 0:54:00]} 11. Be3 {[%clk 1:06:18]}  Bc5 {[%clk 0:49:31]} 12. Nd4 {[%clk 0:58:26]}  Qa8 {[%clk 0:38:13]} 13. e6 {[%clk 0:53:18]}  Ne5 {[%clk 0:23:02]} 14. Nxd5 {[%clk 0:51:17]}  O-O {[%clk 0:21:58]} 15. Nxb6 {[%clk 0:50:49]}  axb6 {[%clk 0:21:03]} 16. O-O-O {[%clk 0:44:24]}  b5 {[%clk 0:15:16]} 17. Qb3 {[%clk 0:42:31]}  b4 {[%clk 0:15:07]} 18. exf7+ {[%clk 0:41:49]}  Rxf7 {[%clk 0:14:25]} 19. Qe6 {[%clk 0:40:17]}  Bd6 {[%clk 0:14:11]} 20. b3 {[%clk 0:33:42]}  Bc8 {[%clk 0:14:06]} 21. Qe8+ {[%clk 0:33:05]}  Rf8 {[%clk 0:14:09]} 22. Qh5 {[%clk 0:32:51]}  Bg4 {[%clk 0:09:43]} 23. Qg5 {[%clk 0:30:35]}  Bxd1 {[%clk 0:09:49]} 24. Rxd1 {[%clk 0:27:07]}  h6 {[%clk 0:09:13]} 25. Qh5 {[%clk 0:25:20]}  Qxa2 {[%clk 0:08:58]} 26. f4 {[%clk 0:21:02]}  Qa1+ {[%clk 0:08:21]} 27. Kd2 {[%clk 0:21:22]}  Qc3+ {[%clk 0:08:46]} 28. Ke2 {[%clk 0:21:37]}  c5 {[%clk 0:08:03]} 29. Ne6 {[%clk 0:18:35]}  g6 {[%clk 0:07:10]} 30. Qh3 {[%clk 0:16:58]}  Rf5 {[%clk 0:02:03]} 31. fxe5 {[%clk 0:14:59]}  Rxe5 {[%clk 0:00:55]} 32. Rd2 {[%clk 0:13:26]}  Re4 {[%clk 0:00:57]} 33. Nf4 {[%clk 0:07:31]}  Bxf4 {[%clk 0:00:39]} 34. Qc8+ {[%clk 0:06:58]}  Kf7 {[%clk 0:00:57]} 35. Rd7+ {[%clk 0:06:31]}  Re7 {[%clk 0:00:41]} 36. Rxe7+ {[%clk 0:06:05]}  Kxe7 {[%clk 0:01:07]} 37. Bxf4 {[%clk 0:06:13]}  Qxc2+ {[%clk 0:01:26]} 38. Kf3 {[%clk 0:04:57]}  Qxb3+ {[%clk 0:01:42]} 39. Kg4 {[%clk 0:04:25]}  Qd1+ {[%clk 0:01:40]} 40. Kh3 {[%clk 0:03:49]}  Qd3+ {[%clk 0:01:27]} 41. Bg3 {[%clk 0:03:13]}  Qd7+ {[%clk 0:21:00]} 42. Qxd7+ {[%clk 0:32:19]}  Kxd7 {[%clk 0:21:05]} 43. Bf4 {[%clk 0:30:17]}  c4 {[%clk 0:16:30]} 44. Bxh6 {[%clk 0:12:11]}  c3 {[%clk 0:11:07]} 45. Bg7 {[%clk 0:12:35]}  Ke6 {[%clk 0:06:27]} 46. Kg3 {[%clk 0:12:35]}  Kd5 {[%clk 0:06:49]} 47. Kf3 {[%clk 0:12:57]}  Kc4 {[%clk 0:07:08]} 48. Ke3 {[%clk 0:13:11]}  Kb3 {[%clk 0:07:27]} 49. Kd3 {[%clk 0:12:29]}  c5 {[%clk 0:07:42]} 50. h4 {[%clk 0:12:10]}  c4+ {[%clk 0:07:56]} 51. Kd4 {[%clk 0:11:48]}  c2 {[%clk 0:05:14]} 52. Bh6 {[%clk 0:11:52]}  Ka2 {[%clk 0:05:01]} 0-1

[Event "Amateur Tournament (ATO)"]
[Site "https://www.chess.com"]
[Date "2025.07.23"]
[Round "8"]
[White "Kulikov, Mikhail L"]
[Black "Heitmann, Erik"]
[Result "1-0"]
[Board "12"]
[WhiteFideId "4147847"]
[BlackFideId "34608940"]
[WhiteElo "1907"]
[BlackElo "1821"]
[WhiteTeam "RUS"]
[BlackTeam "GER"]
[WhiteClock "0:13:13"]
[BlackClock "0:01:06"]
[Variant "Standard"]

1. e4 {[%clk 1:09:24]}  c5 {[%clk 1:30:53]} 2. Nf3 {[%clk 1:08:15]}  d6 {[%clk 1:31:19]} 3. d4 {[%clk 1:08:42]}  cxd4 {[%clk 1:31:46]} 4. Nxd4 {[%clk 1:09:09]}  Nf6 {[%clk 1:32:11]} 5. Nc3 {[%clk 1:09:36]}  a6 {[%clk 1:32:38]} 6. h3 {[%clk 1:10:02]}  e6 {[%clk 1:32:32]} 7. Be3 {[%clk 1:10:19]}  Be7 {[%clk 1:32:29]} 8. Qf3 {[%clk 1:10:39]}  Nbd7 {[%clk 1:30:29]} 9. g4 {[%clk 1:10:28]}  Ne5 {[%clk 1:28:47]} 10. Qg2 {[%clk 1:10:51]}  Qc7 {[%clk 1:25:24]} 11. g5 {[%clk 1:09:33]}  Nfd7 {[%clk 1:23:38]} 12. f4 {[%clk 1:09:00]}  Nc4 {[%clk 1:23:04]} 13. Bxc4 {[%clk 1:08:40]}  Qxc4 {[%clk 1:23:27]} 14. O-O-O {[%clk 1:07:09]}  b5 {[%clk 1:18:05]} 15. e5 {[%clk 1:02:10]}  d5 {[%clk 1:17:56]} 16. Kb1 {[%clk 1:00:40]}  g6 {[%clk 1:03:52]} 17. h4 {[%clk 0:59:22]}  Bb7 {[%clk 0:57:10]} 18. h5 {[%clk 0:59:04]}  O-O-O {[%clk 0:56:35]} 19. Qh3 {[%clk 0:31:14]}  Nc5 {[%clk 0:45:43]} 20. Ndxb5 {[%clk 0:31:14]}  d4 {[%clk 0:42:01]} 21. Nxd4 {[%clk 0:30:53]}  Bxh1 {[%clk 0:39:03]} 22. Qxh1 {[%clk 0:31:08]}  Nb7 {[%clk 0:34:03]} 23. Rd3 {[%clk 0:26:27]}  Rd7 {[%clk 0:17:52]} 24. hxg6 {[%clk 0:25:06]}  fxg6 {[%clk 0:17:37]} 25. b3 {[%clk 0:24:42]}  Qb4 {[%clk 0:14:51]} 26. Nc6 {[%clk 0:15:13]}  Rxd3 {[%clk 0:01:40]} 27. Nxb4 {[%clk 0:15:34]}  Rxc3 {[%clk 0:01:07]} 28. Bd4 {[%clk 0:14:51]}  a5 {[%clk 0:00:36]} 29. Na6 {[%clk 0:14:54]}  Rc7 {[%clk 0:00:33]} 30. Nxc7 {[%clk 0:14:24]}  Kxc7 {[%clk 0:01:02]} 31. Qh6 {[%clk 0:11:51]}  Bf8 {[%clk 0:00:21]} 32. Qh3 {[%clk 0:12:09]}  Nc5 {[%clk 0:00:32]} 33. Qc3 {[%clk 0:12:04]}  Kb6 {[%clk 0:00:43]} 34. a3 {[%clk 0:12:15]}  Kb5 {[%clk 0:00:31]} 35. Qc4+ {[%clk 0:12:33]}  Kc6 {[%clk 0:00:44]} 36. b4 {[%clk 0:12:53]}  Be7 {[%clk 0:01:06]} 37. Bxc5 {[%clk 0:13:13]} 1-0